000 00738nam a2200217 u 4500
005 20210223131330.0
008 100630s1990 es r 000 0 spa d
020 _a8487627005
035 _aUPN01000177060
049 _aCG
050 4 _aPQ4841 C4.82
_bJ3.5
100 1 _aSvevo, Italo,
_d1861-1928
_931527
245 1 0 _aJames Joyce ; seguido de : Correspondencia entre Italo Svevo y James Joyce /
_cItalo Svevo ; tr. y comp. Alejandro Manara.
260 _aBarcelona, Esp. :
_bArgonauta,
_cc1990.
300 _a117 p.
600 1 4 _aJOYCE, JAMES,
_d1882-1941
650 4 _aAUTORES IRLANDESES -
_vBIOGRAFIA
_919477
700 1 _aManara, Alejandro,
_ecomp.
740 0 _aCorrespondencia entre Italo Svevo y James Joyce
905 _aLibro
999 _c149163
_d149163